| 000 | 00491nam a2200157Ia 4500 | ||
|---|---|---|---|
| 003 | SGT | ||
| 020 | _a9780070669321 | ||
| 082 |
_a540 _bSIV |
||
| 100 | _aSivasankar,B | ||
| 245 | _aEngineering chemistry | ||
| 260 |
_bTata McGraw Hill Education Private Limited _aNew Delhi _c2008 |
||
| 300 | _a565p. | ||
| 650 | _aENGINEERING CHEMISTRY | ||
| 653 | _aTHERMODYNAMICS,PHASE RULE,SOLID STATE,ELECTROCHEMISTRY,ADSORPTION,KINETIC OF CHEMICAL REACTIONS,ORGANIC REACTIONS POLYMERS | ||
| 942 |
_2ddc _cBK |
||
| 999 |
_c4917 _d4917 |
||